000 00608nam a22001937a 4500
999 _c1738
_d1738
008 160413b xxu||||| |||| 00| 0 eng d
020 _a9789712350429
082 _22008
_aDFil 346.07
_bD37
100 _95510
_aDe Leon, Hector S.
245 _aThe law on obligations and contracts/
_cHector S. De Leon
250 _a2008 Revised Edition
260 _aManila:
_bRex Book Store,
_c©2008.
300 _axxiii, 459 pages:
_c22 cm.
650 0 _95511
_aCommercial law
650 0 _95512
_aObligations (Law)
_zPhilippines
650 0 _95513
_aContracts
_zPhilippines
365 _b368.00
_cPhp.
942 _2ddc
_cDFIL